000 00667nam a2200205 a 4500
001 000021418
005 20200930011324.0
008 100907s1972 ve r 000 j spa d
040 _aDO-SdBNP
_bspa
_cBNPHU
082 _aV863.42
_bD542c
100 1 _aDíaz Rodríguez, Manuel,
_d1871-1927.
_93961
245 1 0 _aCuentos de color /
_cManuel Díaz Rodríguez.
260 _aCaracas, Venezuela :
_bMonte Ávila Editores,
_c1972.
300 _a93, [3] p. ;
_c16 cm.
490 1 _aBiblioteca popular el dorado
650 4 _aCuentos venezuela
_944689
650 4 _aLiteratura venezolana
_ySIGLO XX
_99777
830 0 _aBiblioteca popular el dorado.
_913605
049 _aBNGR
999 _c20918
_d20918